000 01311cam a22003254a 4500
001 14184880
005 20160930182556.0
008 051130s2006 enka 001 0 eng
010 _a 2005034994
020 _a0-470-02757-6 (cloth : alk. paper)
020 _a978-0-470-02757-8 (cloth : alk. paper)
040 _aDLC
_cDLC
_dDLC
042 _apcc
050 0 0 _aHG4751
_b.P43 2006
082 0 0 _aDC 658.15
_22006
_bP31r
100 1 _aPearce, Rupert.
245 1 0 _aRaising venture capital /
_cRupert Pearce and Simon Barnes.
260 _aHoboken, NJ :
_bJ. Wiley & Sons,
_cc2006.
300 _axv, 242 pages :
_billustrations ;
_c25 cm.
490 0 _aWiley finance series
500 _aIncludes index.
650 0 _aVenture capital.
700 1 _aBarnes, Simon,
_d1969-
856 4 1 _3Table of contents only
_uhttp://www.loc.gov/catdir/toc/ecip064/2005034994.html
856 4 2 _3Contributor biographical information
_uhttp://www.loc.gov/catdir/enhancements/fy0741/2005034994-b.html
856 4 2 _3Publisher description
_uhttp://www.loc.gov/catdir/enhancements/fy0741/2005034994-d.html
906 _a7
_bcbc
_corignew
_d1
_eecip
_f20
_gy-gencatlg
942 _2ddc
_cDC
999 _c4984
_d4984